| 000 | 00643nam a22001937a 4500 | ||
|---|---|---|---|
| 005 | 20140508150306.0 | ||
| 010 | _aENG-107929-30 | ||
| 020 |
_c1895.00 (set of 2 vol.) _a9788180388095 (set) |
||
| 035 | _aEN-91462-63 | ||
| 037 | _bDBAD/PUB | ||
| 082 | _a343.540552 | ||
| 100 | _aMittal, J.K. | ||
| 245 | 0 | 0 |
_aLaw, practice & procedure of service tax / _cby J.K. Mittal |
| 250 | _a24th rev. ed | ||
| 260 |
_aGurgaon _bLexis Nexis _c2012 |
||
| 270 |
_a14th Floor, Bldg. No.10, Tower-B, DLF Cyber City, Phase-II _bGurgaon _e122002 |
||
| 300 |
_a2V.(lxxix,1-749; x,750-1626)p. _c24cm(pbk) |
||
| 942 |
_2ddc _cEN _mMIT _h343.540552 |
||
| 999 |
_c77369 _d77369 |
||